00627nam a2200205Ia 450000500170000000800460001703700110006304000080007404000080008204000080009004100080009804100080010608400080011410000440012224501690016626000090033530000100034465000080035470000590036220260430150055.0008 250103s9999 xx 000 0 eng d aTheses aCRL beng ceng 2eng aeng qCRL aNyodu Mizum Au.; Deshwal Vageshwari Gu. 0aComparative study of formal criminal justice system and customary criminal justice system of North East States: a socio-legal study of selected tribes in North East c2022 a300p. aLaw aUniversity of Delhi. Faculty of Law. Department of Law